| 000 | 00459cam a2200181ua 4500 | ||
|---|---|---|---|
| 020 | _a0 471 07395 4 | ||
| 020 | _a9788126508082 | ||
| 082 |
_a530.475 _bBIR/TR |
||
| 100 | _aBird, Byron . | ||
| 245 | _aTransport phenomena / | ||
| 250 | _a2 nd | ||
| 260 |
_aLondon : _bJohn Wiley & Sons , _c1960. |
||
| 260 |
_aNew Delhi _bWiley India _c2012 |
||
| 300 | _a780 ; . | ||
| 700 | 1 | _aStewart, Warren E . | |
| 700 | 1 | _aTightfoot, Edwin N . | |
| 942 | _cBK | ||
| 999 |
_c10310 _d10310 |
||